| 000 | 00512nam a2200193Ia 4500 | ||
|---|---|---|---|
| 003 | GCL | ||
| 008 | 140319s9999 xx 000 0 ara d | ||
| 040 |
_aGCL / _cGCL |
||
| 082 | 0 | 4 |
_a813.03 _bم خ |
| 100 | 1 | _aمحمد ناجى | |
| 245 | 1 | 0 |
_aخافية قمر / _cمحمد ناجى |
| 300 | _a148 | ||
| 490 |
_aروايات الهلال _v0 |
||
| 650 | 0 | 4 | _aالادب العربى |
| 650 | 0 | 4 | _aالقصص العربية |
| 650 | 0 | 4 | _aالادب |
| 650 | 0 | 4 | _aالقصة العربية |
| 942 |
_2ddc _cBK |
||
| 999 |
_c42463 _d42463 |
||